[Event "Mitropa Cup (Women)"]
[Site "Szeged"]
[Date "2007.05.10"]
[Round "3"]
[White "Kozma, Edit"]
[Black "Tanacs, Anna"]
[Result "0-1"]
[WhiteElo "2089"]
[BlackElo "1958"]
[PlyCount "72"]
[EventDate "2007.05.08"]
[EventType "team-tourn"]
[EventRounds "9"]
[EventCountry "HUN"]
[SourceTitle "CBM 118 Extra"]
[Source "ChessBase"]
[SourceDate "2007.07.04"]
[SourceVersion "1"]
[SourceVersionDate "2007.07.04"]
[SourceQuality "1"]

1. e4 c6 2. d4 d5 3. e5 Bf5 4. Nc3 e6 5. g4 Bg6 6. Nge2 h6 7. h4 c5 8. h5 Bh7 9. Be3 Nc6 10. Qd2 a6 11. f4 cxd4 12. Bxd4 Bb4 13. 0-0-0 Nge7 14. a3 Nxd4 15. Nxd4 Bxc3 16. Qxc3 Rc8 17. Qb3 Nc6 18. Nxc6 Rxc6 19. Bd3 Bxd3 20. Qxd3 Rc4 21. Rdf1 Qb6 22. Rhg1 Rxf4 23. Qc3 Rxf1+ 24. Rxf1 0-0 25. Qg3 Qd8 26. Kb1 Qg5 27. c3 Rc8 28. Qf3 Rc7 29. Qe2 Rc4 30. Qf3 Qe7 31. b3 Re4 32. b4 Rxe5 33. Qf4 f6 34. Kb2 Qc7 35. Qf3 Qc4 36. Rf2 Qe4 0-1

[Event "Mitropa Cup (Women)"]
[Site "Szeged"]
[Date "2007.05.08"]
[Round "1"]
[White "Kozma, Edit"]
[Black "Vrbova, Niki"]
[Result "0-1"]
[WhiteElo "2089"]
[BlackElo "2180"]
[PlyCount "46"]
[EventDate "2007.05.08"]
[EventType "team-tourn"]
[EventRounds "9"]
[EventCountry "HUN"]
[SourceTitle "CBM 118 Extra"]
[Source "ChessBase"]
[SourceDate "2007.07.04"]
[SourceVersion "1"]
[SourceVersionDate "2007.07.04"]
[SourceQuality "1"]

1. e4 d5 2. exd5 Nf6 3. d4 Nxd5 4. Nf3 g6 5. c4 Nb6 6. a4 a5 7. h3 Bg7 8. Be3 Nc6 9. Nc3 0-0 10. d5 Ne5 11. Nxe5 Bxe5 12. Bd3 e6 13. dxe6 Bxe6 14. Qe2 Re8 15. 0-0 Qh4 16. Bxb6 Bxc3 17. Be3 Bg7 18. Rac1 Rad8 19. b3 Bxh3 20. gxh3 Qxh3 21. Rcd1 Be5 22. f4 Bd4 23. Rf3 Bxe3+ 0-1

[Event "HUN-chT2 Breyer 0607"]
[Site "Hungary"]
[Date "2007.03.04"]
[Round "6"]
[White "Bodnar, Zoltan"]
[Black "Kozma, Edit"]
[Result "1-0"]
[WhiteElo "2152"]
[BlackElo "2086"]
[PlyCount "39"]
[EventDate "2006.11.12"]
[EventType "team"]
[EventRounds "11"]
[EventCountry "HUN"]
[SourceTitle "EXT 2008"]
[Source "ChessBase"]
[SourceDate "2007.11.25"]
[SourceVersion "1"]
[SourceVersionDate "2007.11.25"]
[SourceQuality "1"]
[WhiteTeam "Balatonfuered"]
[BlackTeam "Honved II"]
[WhiteTeamCountry "HUN"]
[BlackTeamCountry "HUN"]

1. d4 Nf6 2. c4 e6 3. Nc3 Bb4 4. f3 c5 5. a3 cxd4 6. axb4 dxc3 7. bxc3 Qc7 8. e4 0-0 9. Bg5 Qe5 10. Qd2 d5 11. Bf4 Qh5 12. g4 Qg6 13. exd5 e5 14. Bd3 e4 15. Bb1 Re8 16. Kd1 h5 17. g5 Nh7 18. Kc1 f6 19. h3 fxg5 20. Bxb8 1-0

[Event "HUN-chT2 Breyer 0607"]
[Site "Hungary"]
[Date "2006.12.03"]
[Round "3"]
[White "Gal, Lajos"]
[Black "Kozma, Edit"]
[Result "1/2-1/2"]
[WhiteElo "2140"]
[BlackElo "2086"]
[PlyCount "64"]
[EventDate "2006.11.12"]
[EventType "team"]
[EventRounds "11"]
[EventCountry "HUN"]
[SourceTitle "EXT 2008"]
[Source "ChessBase"]
[SourceDate "2007.11.25"]
[SourceVersion "1"]
[SourceVersionDate "2007.11.25"]
[SourceQuality "1"]
[WhiteTeam "Esztergom"]
[BlackTeam "Honved II"]
[WhiteTeamCountry "HUN"]
[BlackTeamCountry "HUN"]

1. f4 e5 2. fxe5 d6 3. exd6 Bxd6 4. Nf3 g5 5. d4 g4 6. Ne5 Bxe5 7. dxe5 Qxd1+ 8. Kxd1 Nc6 9. Bg5 Nxe5 10. Nc3 f6 11. Bf4 Be6 12. e3 0-0-0+ 13. Ke1 Ne7 14. Ne4 Nd7 15. Rd1 Nd5 16. a3 Nxf4 17. exf4 Bf5 18. Ng3 Bxc2 19. Rd2 Bg6 20. Bc4 Nc5 21. f5 Be8 22. b4 Rxd2 23. Kxd2 Nd7 24. Ne4 Rf8 25. h3 h5 26. hxg4 hxg4 27. Rh7 Ne5 28. Be6+ Kd8 29. Nc5 Bc6 30. Bb3 Bd7 31. Be6 Bc6 32. Bb3 Bd7 1/2-1/2

[Event "HUN-chT2 Breyer 0607"]
[Site "Hungary"]
[Date "2006.11.26"]
[Round "2"]
[White "Szabo, Zoltan"]
[Black "Kozma, Edit"]
[Result "0-1"]
[WhiteElo "2320"]
[BlackElo "2086"]
[PlyCount "80"]
[EventDate "2006.11.12"]
[EventType "team"]
[EventRounds "11"]
[EventCountry "HUN"]
[SourceTitle "EXT 2008"]
[Source "ChessBase"]
[SourceDate "2007.11.25"]
[SourceVersion "1"]
[SourceVersionDate "2007.11.25"]
[SourceQuality "1"]
[WhiteTeam "Zsambek"]
[BlackTeam "Honved II"]
[WhiteTeamCountry "HUN"]
[BlackTeamCountry "HUN"]

1. e4 c5 2. Nf3 d6 3. d4 cxd4 4. Nxd4 Nf6 5. Nc3 a6 6. Bc4 e6 7. Be3 b5 8. Bd3 Bb7 9. f3 Be7 10. Qe2 0-0 11. 0-0-0 Nbd7 12. g4 Nc5 13. Nb3 Nxd3+ 14. Qxd3 Qc7 15. h4 Nd7 16. Nd4 Ne5 17. Qe2 Rfc8 18. Bg5 Bf8 19. Rh2 Nc4 20. Rdh1 Nxb2 21. Nb1 Nc4 22. h5 Qa5 23. Qd3 Qxa2 24. Qb3 Qxb3 25. Nxb3 d5 26. exd5 Bxd5 27. Rf1 h6 28. Bf4 e5 29. Bg3 Ne3 30. Re1 Nxc2 31. Rxc2 Bxb3 32. Rxc8 Rxc8+ 33. Kb2 Bd5 34. Rxe5 Bxf3 35. g5 Bd6 36. Re3 Bxg3 37. Rxf3 Be5+ 38. Kb3 hxg5 39. Nd2 g4 40. Rf5 f6 0-1

[Event "HUN-chT2 Breyer 0607"]
[Site "Hungary"]
[Date "2006.11.12"]
[Round "1"]
[White "Pallag, Gergely"]
[Black "Kozma, Edit"]
[Result "1/2-1/2"]
[WhiteElo "1872"]
[BlackElo "2086"]
[PlyCount "77"]
[EventDate "2006.11.12"]
[EventType "team"]
[EventRounds "11"]
[EventCountry "HUN"]
[SourceTitle "EXT 2008"]
[Source "ChessBase"]
[SourceDate "2007.11.25"]
[SourceVersion "1"]
[SourceVersionDate "2007.11.25"]
[SourceQuality "1"]
[WhiteTeam "Kisber Aszar"]
[BlackTeam "Honved II"]
[WhiteTeamCountry "HUN"]
[BlackTeamCountry "HUN"]

1. d4 Nf6 2. c4 e6 3. Nc3 Bb4 4. f3 d5 5. a3 Bxc3+ 6. bxc3 0-0 7. e3 b6 8. Bd3 Ba6 9. Qe2 Nbd7 10. Nh3 c5 11. 0-0 Rc8 12. cxd5 Bxd3 13. Qxd3 Nxd5 14. e4 Ne7 15. Rd1 Ng6 16. a4 Qc7 17. Ba3 Rfd8 18. Rac1 c4 19. Qe3 Nf6 20. Ra1 Rd7 21. Ra2 Qc6 22. a5 b5 23. Rf1 a6 24. Rd2 Rcd8 25. Nf4 Qc7 26. Nxg6 hxg6 27. Bb4 Ne8 28. Ra2 Nd6 29. Bc5 Nc8 30. f4 Re8 31. Qf3 Ne7 32. Re1 Nc6 33. Bb6 Qc8 34. Qe2 Qb8 35. Rf1 Rc8 36. Bc5 Qc7 37. Bb6 Qb8 38. Bc5 Qc7 39. Bb6 1/2-1/2

[Event "Szeged Cup (Women) 3rd"]
[Site "Szeged"]
[Date "2006.09.13"]
[Round "5"]
[White "Vajda, Szidonia"]
[Black "Kozma, Edit"]
[Result "1-0"]
[WhiteElo "2396"]
[BlackElo "2086"]
[PlyCount "37"]
[EventDate "2006.09.10"]
[EventType "swiss"]
[EventRounds "9"]
[EventCountry "HUN"]
[SourceTitle "CBM 114 Extra"]
[Source "ChessBase"]
[SourceDate "2006.11.03"]
[SourceVersion "1"]
[SourceVersionDate "2006.11.03"]
[SourceQuality "1"]

1. e4 c5 2. Nf3 d6 3. d4 cxd4 4. Qxd4 Nc6 5. Bb5 Bd7 6. Bxc6 Bxc6 7. Nc3 Nf6 8. Bg5 Qa5 9. 0-0-0 0-0-0 10. Rhe1 h6 11. Be3 Kb8 12. Ne5 Be8 13. Nc4 Qa6 14. e5 Nh7 15. exd6 exd6 16. Bf4 Ng5 17. Nxd6 Bxd6 18. Bxd6+ Ka8 19. Bf8 1-0

[Event "Szeged Cup (Women) 3rd"]
[Site "Szeged"]
[Date "2006.09.12"]
[Round "4"]
[White "Kozma, Edit"]
[Black "Harsanyi, Kinga"]
[Result "1-0"]
[WhiteElo "2086"]
[BlackElo "2087"]
[PlyCount "69"]
[EventDate "2006.09.10"]
[EventType "swiss"]
[EventRounds "9"]
[EventCountry "HUN"]
[SourceTitle "CBM 114 Extra"]
[Source "ChessBase"]
[SourceDate "2006.11.03"]
[SourceVersion "1"]
[SourceVersionDate "2006.11.03"]
[SourceQuality "1"]

1. e4 c5 2. Nf3 Nc6 3. Bb5 g6 4. c3 d5 5. Qa4 Qd6 6. exd5 Qxd5 7. Bxc6+ bxc6 8. 0-0 Bf5 9. Re1 Bg7 10. Na3 Bd3 11. Re3 Kf8 12. Ne1 Bf5 13. Nc4 Rc8 14. Nf3 f6 15. b3 Bh6 16. Re1 Rc7 17. d4 Bxc1 18. Raxc1 cxd4 19. Nxd4 Bd7 20. Ne3 Qg5 21. Nf3 Qb5 22. Qf4 e5 23. Qh4 Kg7 24. Nc4 Bc8 25. Nd6 Qa5 26. Ne8+ Kf7 27. Nxc7 Qxc7 28. Nd2 f5 29. Nf3 e4 30. Nd4 Nf6 31. Qg3 f4 32. Qg5 c5 33. Ne2 f3 34. Nf4 Bf5 35. Qxf6+ 1-0